000 00714nam a2200277Ia 4500
003 OSt
005 20221007095224.0
006 a|||||r|||| 00| 0
007 ta
008 221006b |||||||| |||| 00| 0 eng d
020 _a0333802950
024 _a1,086
037 _cTextual
040 _aLCO
_cLCO
_beng
041 _2eng
_aeng
082 _aZ3,267, P0
100 _aHart Tina
_9700995
245 0 _aIntellectual Property Law
250 _a2nd
260 _aHampshire
_bPalgrave USA
_c2000
300 _a253
650 _aINTELLECTUAL PROPERTY LAW
700 _a Fazzani Linda
_9700996
942 _hZ3,267, P0
_cTEXL
999 _c1170649
_d1170649